书目信息 |
| 题名: |
数理统计
|
|
| 作者: | 师义民 , 徐伟 , 秦超英 编著 | |
| 分册: | ||
| 出版信息: | 北京 科学出版社 2009.02 |
|
| 页数: | 318页 | |
| 开本: | 24cm | |
| 丛书名: | 科学版研究生教学丛书 | |
| 单 册: | ||
| 中图分类: | O212 | |
| 科图分类: | ||
| 主题词: | 数理统计--shu li tong ji--研究生--教材 | |
| 电子资源: | ||
| ISBN: | 978-7-03-023176-5 | |
| 000 | 01217nam 2200301 450 | |
| 001 | 012009869293 | |
| 005 | 20091128092519.57 | |
| 010 | @a978-7-03-023176-5@dCNY29.00 | |
| 100 | @a20091128d2009 em y0chiy0120 ea | |
| 101 | 0 | @achi |
| 102 | @aCN@b110000 | |
| 105 | @aak z 000yy | |
| 106 | @ar | |
| 200 | 1 | @a数理统计@Ashu li tong ji@f师义民 ... [等] 编著@Fshi yi min...[deng]bian zhu |
| 205 | @a第3版 | |
| 210 | @a北京@c科学出版社@d2009.02 | |
| 215 | @a318页@c图@d24cm | |
| 225 | 2 | @a科学版研究生教学丛书@Ake xue ban yan jiu sheng jiao xue cong shu |
| 304 | @a题名页题: 师义民, 徐伟, 秦超英, 许勇编著 | |
| 330 | @a本书共分八章,内容包括:基本概念、统计量与抽样分布、参数估计、统计决策与贝叶斯估计、假设检验、方差分析与试验设计、回归分析、多元统计分析初步、统计方法和统计软件应用。全书与第二版相比较,加强了数理统计的经典内容和统计软件及应用的介绍。书中各章配有适量的习题,书后附有习题答案或提示。 | |
| 410 | 0 | @12001 @a科学版研究生教学丛书 |
| 606 | 0 | @a数理统计@Ashu li tong ji@x研究生@j教材 |
| 690 | @aO212@v4 | |
| 701 | 0 | @a师义民@Ashi yi min@4编著 |
| 701 | 0 | @a徐伟@Axu wei@4编著 |
| 701 | 0 | @a秦超英@Aqin chao ying@4编著 |
| 801 | 0 | @aCN@bQSSK@c20091128 |
| 905 | @b767104-06@dO212@eS481@f3 | |
| 数理统计/师义民 ... [等] 编著.-第3版.-北京:科学出版社,2009.02 |
| 318页:图;24cm.-(科学版研究生教学丛书) |
| ISBN 978-7-03-023176-5:CNY29.00 |
| 本书共分八章,内容包括:基本概念、统计量与抽样分布、参数估计、统计决策与贝叶斯估计、假设检验、方差分析与试验设计、回归分析、多元统计分析初步、统计方法和统计软件应用。全书与第二版相比较,加强了数理统计的经典内容和统计软件及应用的介绍。书中各章配有适量的习题,书后附有习题答案或提示。 |
| ● |
| 相关链接 |
|
|
|
正题名:数理统计
索取号:O212/S481
 
预约/预借
| 序号 | 登录号 | 条形码 | 馆藏地/架位号 | 状态 | 备注 |
| 1 | 767104 | 207671045 | 自科库401/401自科库 77排1列2层/ [索取号:O212/S481] | 在馆 | |
| 2 | 767105 | 207671054 | 自科库401/401自科库 77排1列2层/ [索取号:O212/S481] | 在馆 | |
| 3 | 767106 | 207671063 | 自科库401/401自科库 77排1列2层/ [索取号:O212/S481] | 在馆 |